000 01233nam0a22002891 4500
001 rc\4692359
005 20250612154010.0
021 _aRU
_b[63-71612]
035 _a(NLR Aleph) 008714160
090 _a9377108
_c9377108
100 _a20130416d1963 |||y0rusy50 ca
101 0 _arus
102 _aRU
105 _aa z |||||
200 1 _aПособие для сельского электромонтера
_e[Для сел. проф.-техн. училищ]
210 _aМосква
_cСельхозиздат
_d1963
215 _a487 с.
_cил.
_d22
225 1 _aУчебники и учебные пособия для подготовки сельскохозяйственных кадров массовой квалификации
320 _aБиблиогр.: с. 476 (29 назв.)
606 _aЭлектрические установки, сельские
_xМонтаж
_jУчебники и пособия
_2psbo
606 _aЭлектромонтажные работы
_jУчебники и пособия
_2psbo
700 1 _aПрищеп
_bЛ.Г.
_gЛеонид Георгиевич
801 0 _aRU
_bNLR
_gpsbo
801 1 _aRU
_bELAR
_2rusmarc
852 _aNLR
_j63-5/4736
942 _cBOOK
980 _aNB